000 00247nam a2200109Ia 4500
008 200302s9999 xx 000 0 und d
100 _aShirley Conran
245 _aThe Magic Garden
260 _bMacdonald & Co.
260 _c1983
300 _a144 P.,
999 _c2251
_d2251